000
00309nam a2200121Ia 4500
008
190216s9999||||xx |||||||||||||| ||und||
100
_a
Lloyd N Ferguson
245
0
_a
Text Book Of Organic Chemistry
260
_b
Affiliated East West Press
_c
1976
300
_a
754p
650
_a
Organic Chemistry
942
_c
BK
999
_c
2035
_d
2035